Normal view
MARC view
Entry Personal Name
001 - CONTROL NUMBER
- control field: 82166
003 - CONTROL NUMBER IDENTIFIER
- control field: dpl
005 - DATE AND TIME OF LATEST TRANSACTION
- control field: 20250619153335.0
008 - FIXED-LENGTH DATA ELEMENTS
- fixed length control field: 250619|| aca||aabn | a|a d
040 ## - CATALOGING SOURCE
- Original cataloging agency: dpl
- Transcribing agency: dpl
100 ## - HEADING--PERSONAL NAME
- Personal name: Vyas,R.D
670 ## - SOURCE DATA FOUND
- Source citation: Work cat.: (dpl)209290: Vyas,R.D. , Science and Technology in War /, 2025
